000 00595cam a22001451 4500
082 _a694
_bELL
_cL-tech, P-168.
100 1 _aEllis, George,
_945604
245 0 0 _aModern practical carpentry for the use of workmen, builders, architects, and engineers.
_bAlso including a concise treatise upon timber; notes on the woods used in carpentry; various tables; a glossary of terms.
_cBy George Ellis.
260 _aLondon,
_bB.T. Batsford,
_c1927.
300 _axx, 412 p.
_billus.
_c32cm.
526 _a0
_b0
_c0
_d694_000000000000000_ELL
650 0 _aCarpentry.
650 0 _aMCE
_9379
942 _2ddc
_cBK
999 _c549085
_d549085